000 00803cam a2200265Ma 4500
001 92435
005 20230410132921.0
008 040908s19779999sp b 001 0 spa d
020 _z9788424922417
050 1 4 _aB 171
_bB582 1977
100 1 _aPlatón,
_d428-348 a. C.
130 1 _aBiblioteca Clásica Gredos.
245 1 0 _aDiálogos IX /
_cPlatón ; introducción, traducción y notas de Francisco Lisi.
260 _a[Madrid] :
_bGredos,
_c[1977-]
300 _a362 p. ;
_c19 cm.
440 0 _aBiblioteca Clásica Gredos ;
_vn.266
505 0 _aConteúdo: Leyes (Libros VII-XII).
650 0 _aPhilosophy, Classical.
650 0 _aPhilosophy, Ancient.
650 7 _aFilosofia antiga.
_2larpcal
700 1 _aLisi, Francisco L.
942 _2lcc
_cbk
994 _aC0
_bDRFGD
946 _almm
999 _c90158
_d90158